Otázniky európskeho zdravia

Správa Európskej komisie konštatujúca pokles v inováciách vo farmaceutickom sektore. Príčiny tohto poklesu. Otázka generických liekov. Nevyhnutnosť reformy zdravotníctva v európskom kontexte. Slovenská zdravotnícka reforma hodnotená pozitívne.

Guardado en:
Detalles Bibliográficos
Autor principal: Bachratý, Peter
Formato: Capítulo de libro
Lenguaje:eslovaco
Materias:
Etiquetas: Agregar Etiqueta
Sin Etiquetas, Sea el primero en etiquetar este registro!

MARC

LEADER 00000naa$a2200000$$$4500
001 0023934
005 20230926070636.5
041 0 |a slo 
044 |a SK 
245 1 0 |a Otázniky európskeho zdravia  |c Peter Bachratý 
520 |a Správa Európskej komisie konštatujúca pokles v inováciách vo farmaceutickom sektore. Príčiny tohto poklesu. Otázka generických liekov. Nevyhnutnosť reformy zdravotníctva v európskom kontexte. Slovenská zdravotnícka reforma hodnotená pozitívne. 
610 2 0 |a zdravotníctvo 
610 2 0 |a priemysel farmaceutický 
610 2 0 |a liečivá 
610 2 0 |a reformy 
610 2 0 |a spolupráca medzinárodná 
610 2 0 |a krajiny vyspelé 
610 2 0 |a Európska únia 
100 1 |a Bachratý, Peter